| 000 | 00449nam a2200157 a 4500 | ||
|---|---|---|---|
| 005 | 20140412111405.0 | ||
| 008 | 070328s19uu xx 00 eng d | ||
| 020 | _a0-07602738-4 | ||
| 050 |
_aTR(GS 372.4 _bB35 L.1-2 2005 |
||
| 100 | _aBereiter , Carl | ||
| 245 |
_aOpen Court Rearding Level 1 Unit 2 T. Ed. / : _cCarl Bereiter. _bAnimals / |
||
| 260 |
_aColumbus, Ohio : _bMcGrawhill, _c2005. |
||
| 300 | _a113 | ||
| 440 | _aSRA | ||
| 999 |
_c105529 _d105529 |
||